MARC

LEADER 00000nbm0a2200000 4500
001 47205
005 20231031025809.0
035 |a (RuTPU)RU\TPU\book\49304 
090 |a 47205 
100 |a 20030205d1967 k y0rusy50 ca 
101 0 |a rus 
102 |a RU 
105 |a a m 001zy 
200 1 |a Влияние добавок на скорость горения смесевых составов  |e диссертация на соискание ученой степени кандидата химических наук  |f Г. В. Иванов  |g Томский политехнический институт; НИИ ядерной физики, электроники и автоматики;науч. рук. : В. В. Болдырев, В. Ф. Комаров 
210 |a Томск  |d 1967 
215 |a 206 л.  |c ил. 
320 |a Библиогр.: с. 189-204 (258 назв.). 
610 1 |a добавки 
610 1 |a скорость 
610 1 |a горение 
610 1 |a смесевые составы 
610 1 |a перхлорат аммония 
610 1 |a распад 
610 1 |a химические превращения 
610 1 |a микроскопы 
610 1 |a температурный коэффициент 
610 1 |a диссертации 
675 |a 662.61(048)  |v 3 
700 1 |a Иванов  |b Г. В. 
702 1 |a Болдырев  |b В. В.  |4 727 
702 1 |a Комаров  |b В. Ф.  |4 727 
712 0 2 |a Томский политехнический институт (ТПИ)  |b Научно-исследовательский институт ядерной физики, электроники и автоматики (НИИ ЯФЭА)  |c (1958-1975)  |2 stltpush  |3 (RuTPU)RU\TPU\col\12423 
801 1 |a RU  |b 63413507  |c 20030205  |g PSBO 
801 2 |a RU  |b 63413507  |c 20080404  |g PSBO 
942 |c BK